| 000 | 01126nac a22002657a 4500 | ||
|---|---|---|---|
| 001 | BR8100003 | ||
| 003 | BR-BrBNA | ||
| 005 | 20240105114849.0 | ||
| 008 | 230509b bl.|||m| |||| 00| 0 por d | ||
| 040 |
_aBR-BrBNA _bpor _cBiblioteca Nacional de Agricultura |
||
| 072 | _aE70 | ||
| 090 | _aE70 BR8100003 | ||
| 110 | 1 |
_aSecretaria Nacional de Abastecimento, Brasilia, DF (Brasil). Centro de Informacao de Mercado Agricola _99168 |
|
| 245 | 1 | _aBoletim mensal da Unidade Central do Sistema de Informacao de Mercado Agricola, maio 1980 [Preco medio; Mercado atacadista; Brasil] | |
| 246 | 1 | _a[Monthly bulletin of the Central Unit of the Agricultural Market Information System, May 1980 [Medium price; Wholesale market; Brazil]] | |
| 260 | 3 |
_aBrasilia, DF (Brasil): _c1980. |
|
| 300 | _a87 p. | ||
| 490 |
_aBoletim Mensal da Unidade Central do Sistema de Informacao de Mercado Agricola (Brazil) _vv. 9(5) _xISSN 0100-4360 |
||
| 500 | _aNumerical data | ||
| 650 | _aComercializacao | ||
| 650 | _aPreco medio | ||
| 650 | _aMercado atacadista | ||
| 909 |
_a202312 _bLúcia Elande _c55 _dLúcia Elande |
||
| 942 |
_2AGRIS _n0 _cMS |
||
| 999 |
_c271742 _d271742 |
||